| 000 | 00481cam a22001934a 4500 | ||
|---|---|---|---|
| 005 | 20250605164254.0 | ||
| 008 | 250528s ||||||||||||||||||||||||d | ||
| 035 | _a21842 | ||
| 020 | _a9780201734300 | ||
| 040 |
_aGR-AtMCL _bgre _dGR-AtMCL _eAACR2 |
||
| 245 | 1 | _aMACROMEDIA DREAMWEAVER 4 FOR WINDOWS AND MACINTOSH | |
| 250 | _a1 | ||
| 260 |
_bPeachpit Press, _c2001 |
||
| 300 | _a618 | ||
| 700 | 1 |
_aTowers J. Tarin _97750 |
|
| 942 | _cBK | ||
| 999 |
_c6900 _d6900 |
||